The Evolution of Nuclear Deterrence in South Asian (Record no. 24687)

000 -LEADER
fixed length control field 00218nam a22000737a 4500
003 - CONTROL NUMBER IDENTIFIER
control field Nust
005 - DATE AND TIME OF LATEST TRANSACTION
control field 20170511152346.0
008 - FIXED-LENGTH DATA ELEMENTS--GENERAL INFORMATION
fixed length control field 140619b xxu||||| |||| 00| 0 eng d
020 ## - INTERNATIONAL STANDARD BOOK NUMBER
Terms of availability Available
International Standard Book Number 9786969982002
040 ## - CATALOGING SOURCE
Original cataloging agency DLC
Language of cataloging DLC
Transcribing agency RCMS
082 ## - DEWEY DECIMAL CLASSIFICATION NUMBER
Classification number 355.021 YAM
100 ## - MAIN ENTRY--PERSONAL NAME
Personal name Tughral PhD,Yamin
9 (RLIN) 537
245 ## - TITLE STATEMENT
Title The Evolution of Nuclear Deterrence in South Asian
Statement of responsibility, etc. Yamin ,Tughral PhD
260 ## - PUBLICATION, DISTRIBUTION, ETC.
Place of publication, distribution, etc. Islamabad
Name of publisher, distributor, etc. The Army Press
Date of publication, distribution, etc. c2014
300 ## - PHYSICAL DESCRIPTION
Extent 272,p:
Other physical details ill:
Dimensions 22,cm
538 ## - SYSTEM DETAILS NOTE
Display text Shelf No 13 Row No 2
650 ## - SUBJECT ADDED ENTRY--TOPICAL TERM
Topical term or geographic name entry element The Evolution of Nuclear
9 (RLIN) 449
856 ## - ELECTRONIC LOCATION AND ACCESS
Materials specified Table of Content Only
942 ## - ADDED ENTRY ELEMENTS (KOHA)
Source of classification or shelving scheme
Koha item type Book
Holdings
Withdrawn status Lost status Source of classification or shelving scheme Damaged status Not for loan Collection code Permanent Location Current Location Date acquired Total Checkouts Full call number Barcode Date last seen Price effective from Koha item type Total Renewals Date last checked out
            Atta-ur-Rahman School of Applied Biosciences (ASAB) Atta-ur-Rahman School of Applied Biosciences (ASAB) 02/16/2017   355.021 TUG ASAB3394 02/16/2017 02/16/2017 Book    
            Central Library (CL) Central Library (CL) 02/16/2017 1 355.021 TUG ASAB3395 03/03/2021 02/16/2017 Book 1 11/20/2020
© 2023 Central Library, National University of Sciences and Technology. All Rights Reserved.